• 首页
  • 本馆介绍
  • 公告通知
  • 最新文献
  • 馆藏检索
  • 电子资源
  • 读者导购
  • 参考咨询
  • 我的图书馆
  • 登录
  • 详细信息显示
  • 放入我的书架
  • 预约/预借图书
  • 作者相关作品
  • 分类相关作品
  • 丛书相关作品
  • 出版社相关作品

书目信息

  • 表格格式
  • 工作单格式
  • 卡片格式
题名:
AutoCAD 2015中文版建筑设计从业必学
    
 
作者: 田婧 , 黄晓瑜 主编
分册:  
出版信息: 北京   电子工业出版社  2015.1
页数: 12,460页
开本: 26cm
丛书名:
单 册:
中图分类: TU201.4
科图分类:
主题词: 建筑设计--计算机辅助设计--AutoCAD软件
电子资源:
ISBN: 978-7-121-24799-6
000 01157nam0 2200241 450
001 0400001859
005 20171019172606.0
010    @a978-7-121-24799-6@dCNY69.80
100    @a20150120e2015 em y0chiy50 ea
101 0  @achi
102    @aCN@b110000
105    @ay z 000yy
106    @ar
200 1  @aAutoCAD 2015中文版建筑设计从业必学@9AutoCAD 2015 zhong wen ban jian zhu she ji cong ye bi xue@f田婧,黄晓瑜主编
210    @a北京@c电子工业出版社@d2015.1
215    @a12,460页@d26cm@e1光盘
330    @a本书共分13章,通过极具代表性的建筑施工图绘制实例,按照建筑制图的规范和顺序,循序渐进地介绍了AutoCAD在建筑设计方面的广泛应用,书中所讲述的实例,囊括了建筑工程图制图的方方面面,分别讲解了AutoCAD2015建筑设计基础、建筑CAD技术、AutoCAD2015相关功能应用、绘制建筑总平面图、绘制建筑平面图、绘制建筑立面图、建筑剖面图绘制、绘制建筑详图、绘制建筑结构施工图、三维建筑设计、建筑图纸的打印和输出等内容。
606 0  @a建筑设计@x计算机辅助设计@xAutoCAD软件
690    @aTU201.4@v5
701  0 @a田婧@9tian jing@c(教师)@4主编
701  0 @a黄晓瑜@9huang xiao yu@c(女,@f1983-)@4主编
801  0 @aCN@b91MARC@c20171019
905    @b1025796-800@dTU201.4@f5@e1048
    
    AutoCAD 2015中文版建筑设计从业必学/田婧,黄晓瑜主编.-北京:电子工业出版社,2015.1
    12,460页;26cm+1光盘
    
    
    ISBN 978-7-121-24799-6:CNY69.80
    本书共分13章,通过极具代表性的建筑施工图绘制实例,按照建筑制图的规范和顺序,循序渐进地介绍了AutoCAD在建筑设计方面的广泛应用,书中所讲述的实例,囊括了建筑工程图制图的方方面面,分别讲解了AutoCAD2015建筑设计基础、建筑CAD技术、AutoCAD2015相关功能应用、绘制建筑总平面图、绘制建筑平面图、绘制建筑立面图、建筑剖面图绘制、绘制建筑详图、绘制建筑结构施工图、三维建筑设计、建筑图纸的打印和输出等内容。
●
相关链接 在E读中查询图书 在五车中查询图书 在当当中查询图书 在豆瓣中查询图书


正题名:AutoCAD 2015中文版建筑设计从业必学     索取号:TU201.4/1048         预约/预借

序号 登录号 条形码 馆藏地/架位号 状态 备注
1 1025796   210257960   第二样本阅览室/ [索取号:TU201.4/1048] 在馆    
2 1025797   210257979   密集书库-生命科学系/ [索取号:TU201.4/1048] 在馆    
3 1025798   210257988   第三借阅区/ [索取号:TU201.4/1048] 在馆    
4 1025799   210257997   第三借阅区/ [索取号:TU201.4/1048] 在馆    
5 1025800   210258004   第三借阅区/ [索取号:TU201.4/1048] 在馆    
唐山师范学院图书馆 欢迎您!
大连网信软件有限公司© 版权所有